Reconversión de la empresa agropecuaria : integración vertical en el sector hortícola, alternativas de venta de papa para consumo /
Guardado en:
| Autor Principal: | |
|---|---|
| Autor Corporativo: | |
| Formato: | Libro |
| Idioma: | Spanish |
| Publicado: |
Buenos Aires :
SAGyP,
1994.
|
| Etiquetas: |
Agregar Etiqueta
Sin Etiquetas, Sea el primero en etiquetar este registro!
|
| LEADER | 00627nam a22001575a 4500 | ||
|---|---|---|---|
| 001 | EEA.libagro004992 | ||
| 005 | 20181016130911.0 | ||
| 008 | 130809s1994####ag#a##########000#0#spa#d | ||
| 082 | 0 | 4 | |a 658.933491 |
| 082 | 0 | 4 | |a 380.1413491 |
| 100 | 1 | |a Urristi, Rodolfo. | |
| 245 | 1 | 0 | |a Reconversión de la empresa agropecuaria : |b integración vertical en el sector hortícola, alternativas de venta de papa para consumo / |c Rodolfo Urristi. |
| 260 | |a Buenos Aires : |b SAGyP, |c 1994. | ||
| 300 | |a 36 h. : |b il. ; |c 29 cm. | ||
| 710 | 2 | |a Argentina. |b Secretaría de Agricultura, Ganadería y Pesca. | |
| 859 | |a AR-BbBCA |b BIB. AGRONOMIA |h 658.933491 |i U81 |p 1995/2246 | ||
